Siivagunner King for a Day Contestants - Statistics

General Stats
  • This quiz has been taken 34 times
    32 since last reset
  • The average score is 27 of 35
Answer Stats
1 2 Character % Correct
Donkey Kong
100%
Mr. Krabs
100%
Solid Snake
100%
T T Wario Bros.
100%
Papyrus
93%
T Jack & Elmo
89%
T Law & Disorder
89%
T Rhythm Masters
89%
Dr. Robotnik
85%
Geno
85%
King Dedede
85%
T Weird Al
85%
Dr. Piccolo
81%
Thanos
81%
DJ Professor K
78%
T Jack Bros.
78%
T T Off the Hook ft. Glenna
78%
T Pitbull
78%
Eminem
74%
T Will Smith
74%
MissingNo.
70%
Quote
70%
T Reggie Fils-Aimé
70%
Unregistered Hypercam 2
70%
Ajit Pai
63%
HOBaRT
63%
Mariya Takeuchi
63%
Zun
63%
Adam Levine
59%
T Daft Punk ft. Pharrell
59%
Etika
59%
Johnny Bravo
59%
T The Jazz Cats
59%
T T Dancing Alien Team
56%
Nico Nico
48%
No matching quizzes found
Score Distribution
Percent of People with Each Score
Percentile by Number Answered
Your Score History
You have not taken this quiz since the last reset